La Segunda Guerra Mundial

Furkejuvvon:
Bibliográfalaš dieđut
Váldodahkki: Artola Menéndez, Ricardo (Dahkki)
Materiálatiipa: Girji
Giella:espánnjágiella
Almmustuhtton: Madrid Alianza 2007
Preanttus:2a. ed
Ráidu:Historia, 4250
Fáttát:
Fáddágilkorat: Lasit fáddágilkoriid
Eai fáddágilkorat, Lasit vuosttaš fáddágilkora!

MARC

LEADER 00000cam a2200000 a 4500
001 UCG9581
003 CL-VaPUC
008 120323e20070000SP |||||||||||||||||spa|d
020 |a 9788420661339 
082 0 4 |a 940.53  |b ART  |2 21 
100 0 |a Artola Menéndez, Ricardo  |e author  |9 561201 
245 1 3 |a La Segunda Guerra Mundial 
250 |a 2a. ed 
300 |a 301 p 
942 |c BK 
945 |d 20120323 00:00:00  |a dcastane 
260 |a Madrid  |b Alianza  |c 2007 
650 0 |a Segunda Guerra Mundial  |9 325982 
583 |a last modification  |c 20120323 11:52:00  |k Rodrigo Vera 
490 0 |a Historia, 4250 
999 |c 347128  |d 347126